000 00532nam a2200181Ia 4500
005 20240610013928.0
008 240331s9999 xx 000 0 und d
020 _a0335200788
082 _bMUN
_a371
100 _aMunro, P
245 0 _aSubject to fiction :
_bwomen teacher's life history narratives and the cultural politics of resistance
260 _aBuckingham
_bOpen University Press
_c1998
300 _axv,153 p.,
650 _aWomen teachers
650 _aSexism in Education
650 _aFeminist theory
942 _cL
999 _c2946
_d2946